Travels through several provinces of the Russian Empire with an historical account Zaporog Cossacks and Bessarabia, Moldavia, Walochia and the Crimea (Запись № 9608470)

Подробности
000 -МАРКЕР
контрольное поле 01107nam0a22002771 4500
001 - ИДЕНТИФИКАТОР ЗАПИСИ
контрольное поле RU\NLR\INFOCOMM16\ROSSICA\1000466216
005 - ИДЕНТИФИКАТОР ВЕРСИИ
контрольное поле 20250613192954.0
035 ## - ДРУГИЕ СИСТЕМНЫЕ НОМЕРА
Идентификатор записи (NLR Aleph) 009962584
100 ## - ДАННЫЕ ОБЩЕЙ ОБРАБОТКИ
Данные общей обработки 20030416d1808 |||y0rusy50 ca
101 0# - ЯЗЫК РЕСУРСА
Язык текста, звукозаписи и т.д. английский
102 ## - СТРАНА ПУБЛИКАЦИИ ИЛИ ПРОИЗВОДСТВА
Страна публикации российская федерация
105 ## - ПОЛЕ КОДИРОВАННЫХ ДАННЫХ: ТЕКСТОВЫЕ МАТЕРИАЛЫ, МОНОГРАФИЧЕСКИЕ
Кодированные данные о монографическом текстовом документе y ||||000ay
200 1# - ЗАГЛАВИЕ И СВЕДЕНИЯ ОБ ОТВЕТСТВЕННОСТИ
Основное заглавие Travels through several provinces of the Russian Empire with an historical account Zaporog Cossacks and Bessarabia, Moldavia, Walochia and the Crimea
Первые сведения об ответственности Campenhausen, Baron
210 ## - ПУБЛИКАЦИЯ, РАСПРОСТРАНЕНИЕ И ДР.
Место издания, распространения и т.д. London
Дата издания, распространения и т.д. 1808
325 1# - ПРИМЕЧАНИЕ О КОПИИ
Текст примечания Микроформа: Russia through the eyes of foreigners. RT-42. Leiden : IDC, cop. 2001. Шифр: NLR Мф К-3/23687/42
452 #0 - ДРУГОЕ ИЗДАНИЕ КАТАЛОГИЗИРУЕМОГО ДОКУМЕНТА НА ДРУГОМ НОСИТЕЛЕ
Встроенное поле 2001#$aRussia through the eyes of foreigners$bМикроформа$hRT-42
-- 210##$aLeiden$cIDC$dcop. 2001
Заглавие Russia through the eyes of foreigners
700 #1 - ИМЯ ЛИЦА - ПЕРВИЧНАЯ ОТВЕТСТВЕННОСТЬ
Начальный элемент ввода Campenhausen
Часть имени, кроме начального элемента ввода B. von
Расширение инициалов личного имени Balthasar von
Код отношения Автор
801 #1 - ИСТОЧНИК ЗАПИСИ
Страна российская федерация
Организация InfoComm
Дата составления 20030416
801 #0 - ИСТОЧНИК ЗАПИСИ
Страна российская федерация
Организация NLR
Правила каталогизации PSBO
801 #2 - ИСТОЧНИК ЗАПИСИ
Страна российская федерация
Организация NLR
Дата составления 20061207
Источник данных rusmarc
852 ## - МЕСТОНАХОЖДЕНИЕ И ШИФР ХРАНЕНИЯ
Идентификатор организации NLR
Шифр хранения (Call Number) 13.13.8.77
942 ## - ДОПОЛНИТЕЛЬНЫЕ ЭЛЕМЕНТЫ ЗАПИСИ (АБИС)
Тип экземпляра АБИС Книга
980 ## - КОЛЛЕКЦИЯ
Название коллекции Национальная библиография
980 ## - КОЛЛЕКЦИЯ
Название коллекции Россика
Экземпляры
Тип экземпляра Дата поступления Библиотека постоянного хранения Библиотека текущего хранения Место хранения Шифр хранения Штрих-код Статус не для выдачи
Книга 26.10.2013 РНБ (Садовая) РНБ (Садовая) Иностранный книжный фонд, главное здание (Садовая) 13.13.8.77 9962584-10